| 000 | 03050nam0a2200337 4500 | ||
|---|---|---|---|
| 001 | RU\NLR\BIBL_A\022347408 | ||
| 005 | 20260305142519.0 | ||
| 010 |
_a978-5-7765-1573-6 _942 |
||
| 021 |
_aRU _bКН-П-24-050194 _9КН-П-24-4989 |
||
| 035 | _a(NLR Aleph) 022347408 | ||
| 090 |
_a13555516 _c13555516 |
||
| 100 | _a20241009d2024 u y0rusy50 ca | ||
| 101 | 0 | _arus | |
| 102 | _aRU | ||
| 105 | _aa j 000yy | ||
| 181 | 0 |
_ai3 _baxxe |
|
| 182 | 0 | _an | |
| 200 | 1 |
_aРешение прикладных математических задач в среде прикладного программного обеспечения _eучебное пособие _eдля студентов направлений 01.03.04 - "Прикладная математика", 02.03.03 - "Математическое обеспечение и администрирование информационных систем", 09.03.01 - "Информатика и вычислительная техника", 09.03.02 - "Информационные системы и технологии", 09.03.03 - "Прикладная информатика" и других, имеющих математическую базу _fО. В. Козлова _gМинистерство науки и высшего образования Российской Федерации, Федеральное государственное бюджетное образовательное учреждение высшего образования "Комсомольский-на-Амуре государственный университет" |
|
| 203 |
_aТекст _bвизуальный _cнепосредственный |
||
| 210 |
_aКомсомольск-на-Амуре _cРедакционно-издательский отдел Федерального государственного бюджетного образовательного учреждения высшего образования "Комсомольский-на-Амуре государственный университет" _d2024 |
||
| 215 |
_a70 с. _cил. _d20 |
||
| 320 | _aБиблиогр.: с. 57 (8 назв.) | ||
| 606 | 1 |
_aМатематика _xЗадачи _xРешение на компьютерах _jУчебные издания для высших учебных заведений _2nlr_sh2 _3RU\NLR\AUTH\661264590 |
|
| 606 | 1 |
_aMICROSOFT EXCEL, электронные таблицы _jУчебные издания для высших учебных заведений _2nlr_sh1 _2nlr_sh2 _3RU\NLR\AUTH\661245948 |
|
| 606 | 1 |
_aMATHCAD, пакет прикладных программ _jУчебные издания для высших учебных заведений _2nlr_sh1 _2nlr_sh2 _3RU\NLR\AUTH\661253075 |
|
| 686 | 1 | _aВ192.1с116я73-1 | |
| 700 | 1 |
_aКозлова _bО. В. _cканд. физ.-мат. наук, механика _gОльга Викторовна _3RU\NLR\AUTH\77125714 |
|
| 942 | _cBOOK | ||
| 980 | _aNB | ||